[Event "CZE-chT2b 0607"]
[Site "Czech Republic"]
[Date "2007.02.25"]
[Round "8"]
[White "Svarc, Roman"]
[Black "Hula, Lukas"]
[Result "1-0"]
[WhiteElo "2166"]
[BlackElo "2135"]
[PlyCount "75"]
[EventDate "2006.10.15"]
[EventType "team"]
[EventRounds "11"]
[EventCountry "CZE"]
[SourceTitle "EXT 2009"]
[Source "ChessBase"]
[SourceDate "2008.11.26"]
[SourceVersion "1"]
[SourceVersionDate "2008.11.26"]
[SourceQuality "1"]

1. c4 e6 2. Nc3 d5 3. cxd5 exd5 4. d4 c6 5. Nf3 Nf6 6. Bg5 Nbd7 7. e3 Be7 8. Bd3 0-0 9. 0-0 Ne4 10. Bxe7 Qxe7 11. Qc2 Ndf6 12. Rab1 Bf5 13. Na4 Bg6 14. b4 Rac8 15. Ne5 Nd7 16. Nxg6 hxg6 17. f3 Ng5 18. e4 dxe4 19. fxe4 Ne6 20. Qf2 Qd6 21. Rfd1 Rcd8 22. d5 cxd5 23. exd5 Qxd5 24. Bxg6 Qc6 25. Bc2 b6 26. Rd3 Nf6 27. Rh3 Qd5 28. Rd3 Qc4 29. Rc3 Qb5 30. a3 Rc8 31. Rc1 Qg5 32. Bh7+ Kxh7 33. Rxc8 Ne4 34. Qf3 Rxc8 35. Rxc8 f5 36. h4 Qg6 37. Rc6 Qf7 38. Qb3 1-0

[Event "CZE-chT2b 0607"]
[Site "Czech Republic"]
[Date "2007.01.14"]
[Round "6"]
[White "Svarc, Roman"]
[Black "Vanek, Tomas"]
[Result "0-1"]
[WhiteElo "2166"]
[BlackElo "2271"]
[PlyCount "60"]
[EventDate "2006.10.15"]
[EventType "team"]
[EventRounds "11"]
[EventCountry "CZE"]
[SourceTitle "EXT 2009"]
[Source "ChessBase"]
[SourceDate "2008.11.26"]
[SourceVersion "1"]
[SourceVersionDate "2008.11.26"]
[SourceQuality "1"]

1. c4 e6 2. Nc3 d5 3. cxd5 exd5 4. d4 c6 5. Nf3 Nf6 6. Bg5 h6 7. Bh4 Bf5 8. e3 Qb6 9. Bd3 Qxb2 10. 0-0 Bg4 11. Rc1 Nbd7 12. h3 Be6 13. Bb1 Bd6 14. Qd3 0-0 15. Ne5 g5 16. Bg3 Qa3 17. f4 Bxe5 18. dxe5 Ne4 19. f5 Bxf5 20. Nxd5 Qxd3 21. Ne7+ Kh8 22. Bxd3 Nxg3 23. Nxf5 Nxf1 24. Rxf1 Nxe5 25. Be4 h5 26. Nd6 b6 27. h4 f6 28. Nf5 Rad8 29. Nd4 Rfe8 30. Rxf6 Ng4 0-1

[Event "CZE-chT2b 0607"]
[Site "Czech Republic"]
[Date "2006.11.05"]
[Round "2"]
[White "Svarc, Roman"]
[Black "Pribyl, Jaroslav"]
[Result "1-0"]
[WhiteElo "2166"]
[BlackElo "2035"]
[PlyCount "101"]
[EventDate "2006.10.15"]
[EventType "team"]
[EventRounds "11"]
[EventCountry "CZE"]
[SourceTitle "EXT 2009"]
[Source "ChessBase"]
[SourceDate "2008.11.26"]
[SourceVersion "1"]
[SourceVersionDate "2008.11.26"]
[SourceQuality "1"]

1. c4 e5 2. Nc3 Nf6 3. Nf3 e4 4. Ng5 b5 5. d3 exd3 6. Qxd3 bxc4 7. Qxc4 d5 8. Qb3 h6 9. Nf3 Bd6 10. g3 0-0 11. Bg2 Na6 12. 0-0 Rb8 13. Qa4 Rb4 14. Qd1 c6 15. a3 Rb7 16. b4 Re8 17. Qd3 Nb8 18. b5 Ne4 19. bxc6 Rb3 20. Bd2 Nxc3 21. Bxc3 Nxc6 22. Nd2 Ne5 23. Qd4 Rb5 24. a4 Bc5 25. Qf4 Ng6 26. Qf3 Rb8 27. Bxg7 Kxg7 28. Qc3+ Qf6 29. Qxc5 Rxe2 30. Nf3 Bg4 31. Qxd5 Rd8 32. Qb7 h5 33. h3 Rb2 34. Qe4 Bf5 35. Qe3 Rd3 36. Qg5 Bxh3 37. Qxf6+ Kxf6 38. Ne1 Bxg2 39. Nxd3 Rd2 40. Kxg2 Rxd3 41. Rfc1 h4 42. Rc7 hxg3 43. fxg3 Kg5 44. Rxf7 Kg4 45. Rc1 Rxg3+ 46. Kf2 Ra3 47. Rc4+ Kg5 48. Rxa7 Ne5 49. Ra5 Kf6 50. Rf4+ Kg5 51. Re4 1-0

[Event "CZE-chT2b 0506"]
[Site "Czech Republic"]
[Date "2006.01.15"]
[Round "6.4"]
[White "Cichy, Miroslav"]
[Black "Svarc, Roman"]
[Result "0-1"]
[WhiteElo "2095"]
[BlackElo "2145"]
[PlyCount "102"]
[EventDate "2005.10.16"]
[EventType "team"]
[EventRounds "11"]
[EventCountry "CZE"]
[SourceTitle "EXT 2009"]
[Source "ChessBase"]
[SourceDate "2008.11.26"]
[SourceVersion "1"]
[SourceVersionDate "2008.11.26"]
[SourceQuality "1"]

1. e4 c5 2. f4 Qc7 3. Nc3 Qxf4 4. d3 Qc7 5. Nd5 Qd8 6. Bf4 d6 7. Nf3 e6 8. Nc3 Nc6 9. Be2 Nf6 10. 0-0 Be7 11. e5 dxe5 12. Nxe5 Qd4+ 13. Kh1 Nxe5 14. Nb5 Qd7 15. d4 a6 16. dxe5 axb5 17. exf6 Bxf6 18. Qe1 0-0 19. Rd1 Qe8 20. Bd6 Be7 21. Bxb5 Qxb5 22. Bxe7 Re8 23. Qf2 f5 24. Bxc5 e5 25. c3 Ra4 26. Bb4 Ra6 27. Rfe1 Rf6 28. Qf3 e4 29. Qf4 h6 30. h4 Rg6 31. Qc7 Be6 32. b3 Rg4 33. Rd8 Rxd8 34. Qxd8+ Kh7 35. Be7 e3 36. Qd6 Qd5 37. Qxd5 Bxd5 38. Re2 f4 39. Kh2 g5 40. hxg5 hxg5 41. c4 Be4 42. a3 Kg6 43. Bc5 Kf5 44. Rb2 Bd3 45. b4 Bxc4 46. b5 Rh4+ 47. Kg1 Bd5 48. Re2 Ke4 49. Be7 Rg4 50. Bc5 Kd3 51. Kf1 Rh4 0-1

[Event "CZE-chT2b 0506"]
[Site "Czech Republic"]
[Date "2005.10.16"]
[Round "1"]
[White "Svarc, Roman"]
[Black "Ksana, Vaclav"]
[Result "1-0"]
[WhiteElo "2145"]
[BlackElo "2075"]
[PlyCount "59"]
[EventDate "2005.10.16"]
[EventType "team"]
[EventRounds "11"]
[EventCountry "CZE"]
[SourceTitle "EXT 2009"]
[Source "ChessBase"]
[SourceDate "2008.11.26"]
[SourceVersion "1"]
[SourceVersionDate "2008.11.26"]
[SourceQuality "1"]

1. c4 Nf6 2. Nc3 g6 3. e4 d6 4. d4 Bg7 5. h3 0-0 6. Nf3 c6 7. Bg5 Qa5 8. Bd3 Nbd7 9. 0-0 e5 10. d5 c5 11. a3 h6 12. Be3 Qd8 13. Qd2 Kh7 14. Nh2 a6 15. Rab1 Nh5 16. Ng4 g5 17. g3 Ndf6 18. Kg2 Nxg4 19. hxg4 Bxg4 20. f3 Bd7 21. Rh1 Kg6 22. Qe2 Nf6 23. f4 Bg4 24. Qd2 Nh7 25. Be2 Bxe2 26. Qxe2 Nf6 27. f5+ Kh7 28. Bxg5 Rh8 29. Qd2 Nxe4 30. Nxe4 1-0